[Event "41st Guernsey International Open"]
[Site "Guernsey, GCI"]
[Date "2015.10.19"]
[Round "2"]
[White "Drenchev, Petar"]
[Black "Hickman, John E"]
[Result "1-0"]
[WhiteElo "2465"]
[BlackElo "1924"]
[PlyCount "57"]
[EventDate "2015.10.18"]
[EventType "swiss"]
[EventRounds "7"]

1. Nf3 d6 2. e4 Nf6 3. Nc3 g6 4. d4 Bg7 5. Be2 O-O 6. O-O c6 7. a4 Qc7 8. Bg5
Nbd7 9. Qd2 b6 10. Rfe1 Bb7 11. Rad1 Rfe8 12. Bc4 Nxe4 13. Rxe4 d5 14. Bxd5
cxd5 15. Rxe7 Rxe7 16. Bxe7 Nf6 17. Bxf6 Bxf6 18. Re1 Rc8 19. Ne5 a6 20. Qf4
Kg7 21. h4 h5 22. Re3 Bxe5 23. dxe5 Qe7 24. b3 Rc5 25. Ne2 Rxc2 26. Nd4 Rc1+
27. Kh2 Bc8 28. e6 fxe6 29. Nf5+ 1-0

[Event "41st Guernsey International Open"]
[Site "Guernsey, GCI"]
[Date "2015.10.19"]
[Round "2"]
[White "Petrov, Marian"]
[Black "Dijksterhuis, Rolf"]
[Result "1-0"]
[WhiteElo "2462"]
[BlackElo "2006"]
[PlyCount "65"]
[EventDate "2015.10.18"]
[EventType "swiss"]
[EventRounds "7"]

1. e4 e5 2. Nf3 Nf6 3. Nxe5 d6 4. Nf3 Nxe4 5. Nc3 Nxc3 6. dxc3 Be7 7. Bf4 Nc6
8. Qd2 h6 9. O-O-O Be6 10. Bb5 O-O 11. h4 Bf6 12. Rdg1 Ne5 13. Be2 Qd7 14. g4
Nxg4 15. Nd4 h5 16. f3 Ne5 17. Bg5 Qe7 18. Qf4 Bxg5 19. Rxg5 Ng6 20. Qg3 Qf6
21. Rg1 Qf4+ 22. Qxf4 Nxf4 23. Rxg7+ Kh8 24. Bd3 Nxd3+ 25. cxd3 Rg8 26. R7g5
Rxg5 27. Rxg5 Bxa2 28. c4 Re8 29. Rxh5+ Kg7 30. Ra5 c5 31. Nf5+ Kf6 32. Nxd6
Re1+ 33. Kd2 1-0

[Event "41st Guernsey International Open"]
[Site "Guernsey, GCI"]
[Date "2015.10.19"]
[Round "2"]
[White "Koop, Thorben"]
[Black "Wager, John D"]
[Result "1-0"]
[WhiteElo "2407"]
[BlackElo "2029"]
[PlyCount "49"]
[EventDate "2015.10.18"]
[EventType "swiss"]
[EventRounds "7"]

1. Nf3 d5 2. g3 Nf6 3. Bg2 Bg4 4. h3 Bf5 5. O-O c6 6. d3 h6 7. c3 e6 8. Qb3 Qb6
9. Be3 Qxb3 10. axb3 a6 11. b4 Nbd7 12. b5 cxb5 13. Nd4 Bh7 14. Nxb5 Rc8 15.
N5a3 Rc7 16. b4 Bd6 17. Nb5 Rc6 18. Nxd6+ Rxd6 19. Nd2 O-O 20. Nb3 Rc6 21. Rfc1
e5 22. c4 Bf5 23. cxd5 Rxc1+ 24. Bxc1 e4 25. Nd2 1-0

[Event "41st Guernsey International Open"]
[Site "Guernsey, GCI"]
[Date "2015.10.19"]
[Round "2"]
[White "Purdon, Colin"]
[Black "Godard, Maxence"]
[Result "1/2-1/2"]
[WhiteElo "2042"]
[BlackElo "2327"]
[PlyCount "109"]
[EventDate "2015.10.18"]
[EventType "swiss"]
[EventRounds "7"]

1. d4 Nf6 2. c4 e6 3. Nf3 Bb4+ 4. Bd2 a5 5. g3 b6 6. Bg2 Bb7 7. O-O O-O 8. Bxb4
axb4 9. Nbd2 c5 10. d5 exd5 11. Nh4 Bc6 12. cxd5 Nxd5 13. e4 Nf4 14. gxf4 Qxh4
15. f5 Qf4 16. Re1 Na6 17. Nc4 b5 18. Nd6 c4 19. Qd4 Nc7 20. b3 c3 21. Qxb4 Qe5
22. f4 Qxf4 23. Qd4 f6 24. a4 Qe5 25. Qxe5 fxe5 26. axb5 Nxb5 27. Nxb5 Bxb5 28.
Rxa8 Rxa8 29. Rc1 Rc8 30. Bf1 Bxf1 31. Kxf1 c2 32. Ke2 Rc3 33. b4 Rc4 34. Kd3
Rxb4 35. Rxc2 Kf7 36. Ke3 Rb3+ 37. Kf2 Rh3 38. Kg2 Re3 39. Rc4 Kf6 40. Kf2 Rd3
41. Rc5 Rh3 42. Rd5 Rxh2+ 43. Kg3 Ra2 44. Rxd7 Ra6 45. Rb7 h5 46. Kh4 Ra4 47.
Rb6+ Kf7 48. Rb7+ Kg8 49. Kxh5 Rxe4 50. Kg5 Re1 51. Rb8+ Kh7 52. Re8 e4 53. Kf4
Rf1+ 54. Kg4 Re1 55. Kf4 1/2-1/2

[Event "41st Guernsey International Open"]
[Site "Guernsey, GCI"]
[Date "2015.10.19"]
[Round "2"]
[White "Corkett, Anthony R"]
[Black "Havenaar, Jan"]
[Result "1-0"]
[WhiteElo "2306"]
[BlackElo "2016"]
[PlyCount "101"]
[EventDate "2015.10.18"]
[EventType "swiss"]
[EventRounds "7"]

1. Nf3 e6 2. g3 f5 3. Bg2 Nf6 4. c4 d5 5. O-O c6 6. b3 Nbd7 7. Bb2 Bd6 8. d3
O-O 9. Nc3 Qe7 10. Qc2 Ne5 11. Rfe1 Nxf3+ 12. exf3 Qf7 13. f4 Bd7 14. d4 Qh5
15. Qe2 Qh6 16. c5 Bc7 17. Bc1 b6 18. b4 a5 19. b5 Ne4 20. Nxe4 dxe4 21. a4 Qf6
22. Bb2 Qe7 23. Ba3 Rfb8 24. Reb1 Qe8 25. Bf1 Ra7 26. Rb2 Rab7 27. Rab1 g6 28.
Qc4 Kg7 29. cxb6 Bxb6 30. Bc5 cxb5 31. axb5 Rc8 32. Qc3 Kf7 33. Qa3 Qd8 34. Rc2
Ra8 35. Be2 Qb8 36. f3 Bd8 37. Rcb2 Bb6 38. fxe4 fxe4 39. Bf1 Qh8 40. Qe3 Bxc5
41. dxc5 Bc6 42. Bg2 Rd8 43. Bxe4 Bxe4 44. Qxe4 Rc7 45. c6 Rd5 46. Re2 Qc8 47.
h3 Re7 48. Qc4 Qd8 49. b6 Rd4 50. c7 Rxc4 51. cxd8=Q 1-0

[Event "41st Guernsey International Open"]
[Site "Guernsey, GCI"]
[Date "2015.10.19"]
[Round "2"]
[White "Oehne, Timo"]
[Black "Broek, Thomas"]
[Result "1-0"]
[WhiteElo "2010"]
[BlackElo "2205"]
[PlyCount "125"]
[EventDate "2015.10.18"]
[EventType "swiss"]
[EventRounds "7"]

1. e4 c5 2. Nf3 Nc6 3. d4 cxd4 4. Nxd4 Nf6 5. Nc3 e5 6. Ndb5 d6 7. a4 a6 8. Na3
Be7 9. Bg5 Be6 10. Bxf6 Bxf6 11. Bc4 O-O 12. O-O Rc8 13. Nd5 Bg5 14. c3 Kh8 15.
Qe2 g6 16. Rad1 Ne7 17. Qd3 Bd7 18. b3 f5 19. Nxe7 Bxe7 20. Bd5 Qc7 21. c4 f4
22. Nc2 g5 23. Rc1 g4 24. Rfd1 Rf6 25. Ne1 Rcf8 26. c5 g3 27. hxg3 fxg3 28.
Qxg3 Rxf2 29. Nf3 Rb2 30. cxd6 Qb6+ 31. Kh1 Bxd6 32. Ng5 Be7 33. Nf7+ Rxf7 34.
Bxf7 Qh6+ 35. Qh2 Qxh2+ 36. Kxh2 Bg4 37. Rf1 Bg5 38. Rc7 Bf4+ 39. Kh1 Be2 40.
Ra1 Bg4 41. Re7 h5 42. Be6 Bxe6 43. Rxe6 Rxb3 44. a5 Rb5 45. Rb6 Rxb6 46. axb6
Be3 47. Rd1 Bxb6 48. Rb1 Bd4 49. Rxb7 a5 50. Kh2 a4 51. Rb8+ Kg7 52. Ra8 Kg6
53. Kg3 Kg5 54. Rxa4 h4+ 55. Kf3 Bc3 56. Ra8 Bd2 57. Rf8 Bf4 58. Rf5+ Kg6 59.
Rxf4 exf4 60. Kxf4 Kf6 61. Kg4 h3 62. gxh3 Ke5 63. Kf3 1-0

[Event "41st Guernsey International Open"]
[Site "Guernsey, GCI"]
[Date "2015.10.19"]
[Round "2"]
[White "Abbas, Daniel"]
[Black "Kraft, Karl Heinz"]
[Result "0-1"]
[WhiteElo "2168"]
[BlackElo "2015"]
[PlyCount "94"]
[EventDate "2015.10.18"]
[EventType "swiss"]
[EventRounds "7"]

1. e4 e6 2. d4 d5 3. Nd2 Nc6 4. Ngf3 Nf6 5. e5 Nd7 6. Nb3 a5 7. a4 Be7 8. Bb5
Na7 9. Bd3 c5 10. dxc5 Nxc5 11. Nxc5 Bxc5 12. O-O h6 13. c3 Nc6 14. h4 Qc7 15.
Qe2 Bd7 16. Bd2 O-O-O 17. b4 Bb6 18. Rfc1 f6 19. exf6 gxf6 20. c4 axb4 21. a5
Ba7 22. cxd5 exd5 23. a6 Kb8 24. Bxb4 Rhg8 25. Kf1 Bh3 26. gxh3 Qg7 27. Rxc6
bxc6 28. Be7 Qg2+ 29. Ke1 Qh1+ 30. Kd2 Qxa1 31. Bxd8 Qb2+ 32. Bc2 Rxd8 33. Qe7
Qb6 34. Qxf6 Qxf2+ 35. Kd1 Qf1+ 36. Kd2 Qf2+ 37. Kd1 Rc8 38. Qd6+ Ka8 39. Ne5
Qf1+ 40. Kd2 Qxa6 41. Bb3 Bb8 42. Qe6 Bxe5 43. Qxe5 Qa5+ 44. Kc2 Qc5+ 45. Kd3
Rf8 46. Qa1+ Kb7 47. Qg7+ Kb6 0-1

[Event "41st Guernsey International Open"]
[Site "Guernsey, GCI"]
[Date "2015.10.19"]
[Round "2"]
[White "Shaw, Meyrick"]
[Black "Salimbeni, George PW"]
[Result "1-0"]
[WhiteElo "2003"]
[BlackElo "2142"]
[PlyCount "65"]
[EventDate "2015.10.18"]
[EventType "swiss"]
[EventRounds "7"]

1. d4 Nf6 2. Nf3 d5 3. Bf4 g6 4. Nbd2 Bg7 5. c3 O-O 6. e3 b6 7. Ne5 Nh5 8. Bg3
Nxg3 9. hxg3 Qd6 10. f4 c5 11. Bd3 f6 12. Nxg6 hxg6 13. Bxg6 e5 14. Qh5 Rd8 15.
fxe5 Qe7 16. exf6 Qxe3+ 17. Kd1 Bh6 18. Qxh6 Qxh6 19. Rxh6 Bg4+ 20. Kc2 Nd7 21.
Rf1 cxd4 22. cxd4 Rac8+ 23. Kd3 Rc6 24. Bh7+ Kf7 25. Rg6 Rh8 26. Rxg4 Rxh7 27.
Nf3 Kf8 28. Ne5 Re6 29. f7 Rxe5 30. Rg8+ Ke7 31. Re8+ Kd6 32. dxe5+ Nxe5+ 33.
Rxe5 1-0

[Event "41st Guernsey International Open"]
[Site "Guernsey, GCI"]
[Date "2015.10.19"]
[Round "2"]
[White "Reijneveld, Ad"]
[Black "Sikkel, Dirk"]
[Result "0-1"]
[WhiteElo "2095"]
[BlackElo "1937"]
[PlyCount "48"]
[EventDate "2015.10.18"]
[EventType "swiss"]
[EventRounds "7"]

1. e4 g6 2. d4 Bg7 3. Nc3 d6 4. f4 a6 5. Nf3 b5 6. Bd3 Nd7 7. e5 c5 8. Be4 Rb8
9. Be3 b4 10. Na4 Qa5 11. c3 bxc3 12. bxc3 Nh6 13. dxc5 Ng4 14. Bg1 dxe5 15.
fxe5 Ngxe5 16. Nxe5 Nxe5 17. Bd4 O-O 18. Nb6 Be6 19. O-O Rfd8 20. Rf2 Nc4 21.
Nxc4 Bxc4 22. Rd2 Bh6 23. Rd3 Bxd3 24. Bxd3 e5 0-1

[Event "41st Guernsey International Open"]
[Site "Guernsey, GCI"]
[Date "2015.10.19"]
[Round "2"]
[White "Goris, Ton"]
[Black "Dilleigh, Stephen P"]
[Result "1/2-1/2"]
[WhiteElo "1975"]
[BlackElo "2074"]
[PlyCount "44"]
[EventDate "2015.10.18"]
[EventType "swiss"]
[EventRounds "7"]

1. e4 c5 2. c3 e6 3. d4 d5 4. e5 Qb6 5. Nf3 Nc6 6. a3 c4 7. Nbd2 Na5 8. g3 Bd7
9. h4 h6 10. Bh3 O-O-O 11. O-O Ne7 12. h5 Kb8 13. Rb1 Nc8 14. Nh4 Be7 15. Ng2
Qc7 16. f4 g6 17. Ne3 Nb6 18. Kh2 Rdg8 19. Qe2 Qc8 20. Rf2 Qf8 21. Rg2 Qc8 22.
Rf2 Qc7 1/2-1/2

[Event "41st Guernsey International Open"]
[Site "Guernsey, GCI"]
[Date "2015.10.19"]
[Round "2"]
[White "Kershaw, Graham J"]
[Black "Hewson, Brian WR"]
[Result "0-1"]
[WhiteElo "1900"]
[BlackElo "2059"]
[PlyCount "78"]
[EventDate "2015.10.18"]
[EventType "swiss"]
[EventRounds "7"]

1. e4 c6 2. d4 d5 3. exd5 cxd5 4. c4 Nf6 5. Nc3 Nc6 6. Nf3 Bg4 7. Be3 e6 8. c5
Bxc5 9. dxc5 d4 10. Bxd4 Bxf3 11. Bxf6 Qxd1+ 12. Nxd1 Bxd1 13. Bxg7 Rg8 14. Bh6
Bc2 15. Rc1 Be4 16. f3 Bd5 17. a3 a5 18. Kf2 O-O-O 19. Bb5 Rg6 20. Bf4 Rdg8 21.
g3 Nd4 22. Bd3 f5 23. Be2 Nxe2 24. Kxe2 e5 25. Rhd1 Bb3 26. Rd3 Ba4 27. Bxe5
Bb5 28. Ke3 Bxd3 29. Kxd3 Re6 30. Bd6 Rge8 31. Rc4 Re3+ 32. Kc2 Rxf3 33. Rh4
Re2+ 34. Kb1 Rff2 35. Rxh7 Rxb2+ 36. Kc1 Rfc2+ 37. Kd1 Rxh2 38. Rc7+ Kd8 39.
Kc1 Rbg2 0-1

[Event "41st Guernsey International Open"]
[Site "Guernsey, GCI"]
[Date "2015.10.19"]
[Round "2"]
[White "Mack, Wolfgang"]
[Black "De Kruif, Kees"]
[Result "1-0"]
[WhiteElo "2223"]
[BlackElo "1954"]
[PlyCount "51"]
[EventDate "2015.10.18"]
[EventType "swiss"]
[EventRounds "7"]

1. c4 c5 2. g3 e6 3. Bg2 Nf6 4. Nf3 Be7 5. O-O O-O 6. Nc3 Nc6 7. d4 cxd4 8.
Nxd4 a6 9. b3 Qc7 10. Bb2 Rb8 11. Rc1 Nxd4 12. Qxd4 Qc5 13. Qxc5 Bxc5 14. Na4
Be7 15. c5 d6 16. Rfd1 dxc5 17. Be5 b5 18. Bxb8 bxa4 19. Bd6 Bxd6 20. Rxd6 axb3
21. axb3 Bd7 22. Rxa6 Bb5 23. Ra2 Nd7 24. Kf1 f5 25. Ra5 Rb8 26. Rxb5 1-0

[Event "41st Guernsey International Open"]
[Site "Guernsey, GCI"]
[Date "2015.10.19"]
[Round "2"]
[White "Norman, Kenneth I"]
[Black "Maloberti, David"]
[Result "1/2-1/2"]
[WhiteElo "2124"]
[BlackElo "1975"]
[PlyCount "118"]
[EventDate "2015.10.18"]
[EventType "swiss"]
[EventRounds "7"]

1. Nf3 Nf6 2. c4 g6 3. d4 Bg7 4. g3 O-O 5. Bg2 d6 6. Nc3 Nc6 7. O-O e5 8. d5
Ne7 9. c5 Ne8 10. cxd6 cxd6 11. e4 h6 12. a4 f5 13. exf5 Nxf5 14. Nd2 Nd4 15.
Nde4 Nf6 16. Nxf6+ Qxf6 17. Ne4 Qe7 18. Bd2 Bf5 19. Bb4 Bxe4 20. Bxe4 Rf6 21.
Qd3 g5 22. f3 Rc8 23. Rac1 Rff8 24. Kg2 Rc7 25. Rxc7 Qxc7 26. Bc3 Qd7 27. a5 a6
28. Rh1 Nb3 29. Bb4 Nd4 30. h4 gxh4 31. Rxh4 Rf6 32. Rh1 Rf8 33. Bh7+ Kh8 34.
Be4 Kg8 35. Rc1 Nb5 36. Qe3 Nd4 37. Qd3 Nb5 38. Bd2 Nd4 39. Rh1 Rf6 40. Qc4 Qb5
41. Qxb5 Nxb5 42. Be3 Bf8 43. Kh3 Rf7 44. Kg2 Rf6 45. Rc1 Kg7 46. Rc8 Rf7 47.
Kh3 Be7 48. Kg4 Nd4 49. Rc7 Bg5 50. Rxf7+ Kxf7 51. Bxg5 hxg5 52. Kxg5 Nb3 53.
Bf5 Nxa5 54. Bc8 Nc4 55. b4 a5 56. bxa5 Nxa5 57. Bd7 Nc4 58. Kf5 Nd2 59. f4
exf4 1/2-1/2

[Event "41st Guernsey International Open"]
[Site "Guernsey, GCI"]
[Date "2015.10.19"]
[Round "2"]
[White "Phillips, Owen S"]
[Black "Curtis, John E"]
[Result "1/2-1/2"]
[WhiteElo "1947"]
[BlackElo "2101"]
[PlyCount "23"]
[EventDate "2015.10.18"]
[EventType "swiss"]
[EventRounds "7"]

1. e4 d6 2. d4 Nf6 3. Nc3 e5 4. dxe5 dxe5 5. Qxd8+ Kxd8 6. Bc4 Bb4 7. Bd2 Ke7
8. f3 Be6 9. Bxe6 Kxe6 10. O-O-O c6 11. Nh3 h6 12. Nf2 1/2-1/2

[Event "41st Guernsey International Open"]
[Site "Guernsey, GCI"]
[Date "2015.10.19"]
[Round "2"]
[White "Von Saldern, Ruediger"]
[Black "Heppell, Ian N"]
[Result "1/2-1/2"]
[WhiteElo "1950"]
[BlackElo "2089"]
[PlyCount "36"]
[EventDate "2015.10.18"]
[EventType "swiss"]
[EventRounds "7"]

1. d4 d6 2. Nf3 Bg4 3. e4 Nf6 4. Bd3 Nc6 5. c3 e6 6. Bg5 Be7 7. Nbd2 h6 8. Bh4
O-O 9. O-O Nh7 10. Bxe7 Nxe7 11. Qb3 Rb8 12. Rae1 Ng6 13. h3 Bxf3 14. Nxf3 Nf4
15. Bb1 Ng5 16. Qd1 e5 17. Nxg5 Qxg5 18. Qg4 Qxg4 1/2-1/2

[Event "41st Guernsey International Open"]
[Site "Guernsey, GCI"]
[Date "2015.10.19"]
[Round "2"]
[White "Fassaert, Desire JM"]
[Black "Hamperl, Fred"]
[Result "1-0"]
[WhiteElo "1912"]
[BlackElo "2082"]
[PlyCount "71"]
[EventDate "2015.10.18"]
[EventType "swiss"]
[EventRounds "7"]

1. c4 e5 2. Nc3 Nc6 3. g3 d6 4. Bg2 g6 5. e3 Bg7 6. Nge2 f5 7. b3 Nf6 8. Bb2
O-O 9. O-O Ne7 10. d4 e4 11. f3 exf3 12. Bxf3 c6 13. d5 Qb6 14. Qd4 c5 15. Qd2
g5 16. e4 h6 17. Bg2 Ng4 18. Rae1 Bd7 19. h3 Ne5 20. exf5 Nxf5 21. Ba1 Rae8 22.
Ne4 Re7 23. g4 Nh4 24. Rxf8+ Kxf8 25. Rf1+ Rf7 26. Rxf7+ Kxf7 27. Qd1 Ke7 28.
N2g3 Qa5 29. a4 Qb4 30. Bc3 Qa3 31. Qc2 a6 32. Nd2 Nxg2 33. Kxg2 Bxa4 34. bxa4
Nxc4 35. Nf5+ Kf7 36. Bxg7 1-0

[Event "41st Guernsey International Open"]
[Site "Guernsey, GCI"]
[Date "2015.10.19"]
[Round "2"]
[White "Murray, J Stephen"]
[Black "Rosen, Daniel B"]
[Result "1/2-1/2"]
[WhiteElo "1814"]
[BlackElo "2063"]
[PlyCount "58"]
[EventDate "2015.10.18"]
[EventType "swiss"]
[EventRounds "7"]

1. e4 d6 2. d4 g6 3. Nc3 Bg7 4. Be3 c6 5. h3 Nd7 6. a4 b6 7. Nf3 Bb7 8. Be2 Qc7
9. Qd2 Rc8 10. O-O c5 11. Rfe1 Ngf6 12. d5 O-O 13. Bh6 Rfe8 14. Bxg7 Kxg7 15.
Bf1 Rcd8 16. Rad1 a6 17. Re3 Nf8 18. Bc4 N8d7 19. Qe2 Ra8 20. Re1 Ne5 21. Nxe5
dxe5 22. Rd1 Red8 23. Red3 Ne8 24. R3d2 Nd6 25. Ba2 f6 26. Bc4 Nf7 27. Qe3 Nd6
28. Qe2 Nf7 29. Qe3 Nd6 1/2-1/2

[Event "41st Guernsey International Open"]
[Site "Guernsey, GCI"]
[Date "2015.10.19"]
[Round "2"]
[White "Burton, Ronnie"]
[Black "Cummins, John"]
[Result "1-0"]
[WhiteElo "1972"]
[BlackElo "1823"]
[PlyCount "99"]
[EventDate "2015.10.18"]
[EventType "swiss"]
[EventRounds "7"]

1. c4 e5 2. g3 Nf6 3. Bg2 Nc6 4. Nc3 Be7 5. a3 d6 6. d3 h6 7. e3 Bd7 8. Nge2
Qc8 9. h3 a6 10. b4 O-O 11. Bb2 Re8 12. Rc1 Bf8 13. Qc2 Bf5 14. b5 Ne7 15. e4
Be6 16. f4 exf4 17. Nxf4 Bd7 18. O-O Rb8 19. Kh2 Ng6 20. Nxg6 fxg6 21. a4 Be7
22. Rf2 Rf8 23. Rcf1 Qd8 24. Ne2 c6 25. Qb3 c5 26. Nf4 Kh7 27. e5 Nh5 28. Nxh5
Rxf2 29. Rxf2 gxh5 30. exd6 Bf6 31. Be4+ Kh8 32. Bxf6 gxf6 33. Qc3 Kg7 34. d4
axb5 35. axb5 b6 36. dxc5 bxc5 37. Qf3 Be8 38. Qf5 Qxd6 39. Qh7+ Kf8 40. Qxh6+
Ke7 41. Bd5 Qe5 42. Qg7+ Kd8 43. Qxf6+ Qxf6 44. Rxf6 Ke7 45. Ra6 Rd8 46. b6 Kd6
47. Ra8 Rxa8 48. Bxa8 Bc6 49. b7 Kc7 50. b8=Q+ 1-0

[Event "41st Guernsey International Open"]
[Site "Guernsey, GCI"]
[Date "2015.10.19"]
[Round "2"]
[White "Pleasants, Allan J"]
[Black "Marley, Andrew SG"]
[Result "1-0"]
[WhiteElo "2061"]
[BlackElo "1882"]
[PlyCount "111"]
[EventDate "2015.10.18"]
[EventType "swiss"]
[EventRounds "7"]

1. d4 Nf6 2. Nf3 g6 3. g3 Bg7 4. Bg2 O-O 5. O-O d6 6. c4 Nbd7 7. Nc3 e5 8. Qc2
c6 9. Rd1 Qe7 10. b3 exd4 11. Nxd4 Re8 12. h3 Nc5 13. Bb2 Nfe4 14. Nxe4 Nxe4
15. Rd3 Nc5 16. Re3 Ne6 17. Nxe6 Bxe6 18. Bxg7 Kxg7 19. Rd1 Rad8 20. Qc3+ Kg8
21. Qd4 a6 22. Kh2 Rd7 23. Red3 Red8 24. e4 f6 25. R1d2 Kg7 26. Qc3 Bf7 27. f4
Be8 28. Qd4 Kg8 29. Qa1 Kg7 30. Qd1 Kg8 31. h4 f5 32. exf5 gxf5 33. Bh3 Qf6 34.
c5 d5 35. Re3 d4 36. Re5 Rd5 37. Qe1 Bf7 38. b4 d3 39. Bxf5 Rxe5 40. Qxe5 Qxe5
41. fxe5 Rd5 42. g4 Rxe5 43. Rxd3 Re2+ 44. Kg3 Bd5 45. a3 h6 46. Kf4 Kf7 47.
Re3 Rd2 48. Ke5 Ke7 49. Bc8 Rg2 50. g5 hxg5 51. hxg5 Rxg5+ 52. Kf4+ Kf6 53.
Bxb7 Rf5+ 54. Kg3 Rg5+ 55. Kf2 Rf5+ 56. Ke1 1-0

[Event "41st Guernsey International Open"]
[Site "Guernsey, GCI"]
[Date "2015.10.19"]
[Round "2"]
[White "Collier, David O"]
[Black "Kirkwood, Robin"]
[Result "1/2-1/2"]
[WhiteElo "2037"]
[BlackElo "1911"]
[PlyCount "25"]
[EventDate "2015.10.18"]
[EventType "swiss"]
[EventRounds "7"]

1. d4 d6 2. Nf3 Bg4 3. e4 Nf6 4. Nc3 Nbd7 5. Be2 e5 6. O-O Be7 7. Be3 c6 8.
dxe5 dxe5 9. Nd2 Bxe2 10. Qxe2 O-O 11. Nb3 Bb4 12. Bd2 Nc5 13. Nxc5 1/2-1/2

[Event "41st Guernsey International Open"]
[Site "Guernsey, GCI"]
[Date "2015.10.19"]
[Round "2"]
[White "Thurlow, Kevin J"]
[Black "French, Max"]
[Result "1-0"]
[WhiteElo "2016"]
[BlackElo "1824"]
[PlyCount "59"]
[EventDate "2015.10.18"]
[EventType "swiss"]
[EventRounds "7"]

1. c4 Nf6 2. Nc3 e6 3. e4 d5 4. e5 d4 5. exf6 dxc3 6. bxc3 Qxf6 7. d4 c5 8. Nf3
h6 9. Bd3 cxd4 10. cxd4 Bb4+ 11. Bd2 Bxd2+ 12. Qxd2 O-O 13. O-O Rd8 14. Rab1
Nc6 15. Rfd1 Nxd4 16. Nxd4 e5 17. Nb5 e4 18. Qe3 Rxd3 19. Rxd3 exd3 20. Nc7 Rb8
21. Nd5 Qg5 22. f4 Qd8 23. Qxa7 Bg4 24. Qe3 Be2 25. Kf2 b5 26. Ne7+ Kf8 27. Nf5
bxc4 28. Qc5+ Kg8 29. Qe5 Qh4+ 30. Ke3 1-0

[Event "41st Guernsey International Open"]
[Site "Guernsey, GCI"]
[Date "2015.10.19"]
[Round "2"]
[White "Pickersgill, Adrian O"]
[Black "Downey, Keith"]
[Result "1/2-1/2"]
[WhiteElo "2016"]
[BlackElo "1869"]
[PlyCount "38"]
[EventDate "2015.10.18"]
[EventType "swiss"]
[EventRounds "7"]

1. e4 c5 2. Nc3 Nc6 3. f4 g6 4. Nf3 Bg7 5. Bb5 Nd4 6. O-O Nxb5 7. Nxb5 d6 8.
Nc3 e6 9. d3 Ne7 10. Qe1 Bd7 11. Bd2 Bc6 12. Rb1 d5 13. Ne5 O-O 14. Nxc6 Nxc6
15. a3 Qd7 16. Ne2 f5 17. e5 a5 18. Qf2 Qe7 19. Be3 b6 1/2-1/2

[Event "41st Guernsey International Open"]
[Site "Guernsey, GCI"]
[Date "2015.10.19"]
[Round "2"]
[White "Spanton, Timothy R"]
[Black "Upton, Ian J"]
[Result "0-1"]
[WhiteElo "1928"]
[BlackElo "2255"]
[PlyCount "32"]
[EventDate "2015.10.18"]
[EventType "swiss"]
[EventRounds "7"]

1. d4 d5 2. Nc3 Nf6 3. Bg5 Nbd7 4. e3 e6 5. Qf3 Bb4 6. Nge2 h6 7. Bxf6 Qxf6 8.
Qf4 c6 9. a3 Qxf4 10. exf4 Bd6 11. g3 a6 12. Bg2 Nb6 13. b3 O-O 14. O-O f6 15.
Bh3 e5 16. fxe5 Bxh3 0-1

[Event "41st Guernsey International Open"]
[Site "Guernsey, GCI"]
[Date "2015.10.19"]
[Round "2"]
[White "Jackson, Oliver A"]
[Black "Hardy, Roger"]
[Result "1/2-1/2"]
[WhiteElo "2077"]
[BlackElo "1949"]
[PlyCount "65"]
[EventDate "2015.10.18"]
[EventType "swiss"]
[EventRounds "7"]

1. e4 c6 2. d4 d5 3. Nc3 dxe4 4. Nxe4 Bf5 5. Ng3 Bg6 6. h4 h6 7. N1e2 e5 8.
dxe5 Qxd1+ 9. Kxd1 Bc5 10. Nf4 Bh7 11. Bc4 Ne7 12. Nd3 Bb6 13. Ke2 Na6 14. Bd2
Rd8 15. Rae1 Nc5 16. Bb4 Ne6 17. Rhf1 Rd4 18. Bxe6 fxe6 19. Bxe7 Kxe7 20. f4
Rf8 21. Nh5 Kf7 22. g4 Bd8 23. f5 exf5 24. gxf5 Bxh4 25. Rg1 Re4+ 26. Kf3 Rxe1
27. Rxg7+ Ke8 28. Nxe1 Bxf5 29. Ke2 Rf7 30. Nf3 Be7 31. Nd4 Bh7 32. e6 Rxg7 33.
Nxg7+ 1/2-1/2

[Event "41st Guernsey International Open"]
[Site "Guernsey, GCI"]
[Date "2015.10.19"]
[Round "2"]
[White "Prins, Jan"]
[Black "Van Randen, Fred"]
[Result "1/2-1/2"]
[WhiteElo "2073"]
[BlackElo "1908"]
[PlyCount "38"]
[EventDate "2015.10.18"]
[EventType "swiss"]
[EventRounds "7"]

1. d4 d5 2. c4 e5 3. dxe5 d4 4. e4 Nc6 5. f4 f6 6. exf6 Nxf6 7. Bd3 Bb4+ 8. Kf1
O-O 9. a3 Be7 10. Nd2 Ng4 11. Ndf3 Ne3+ 12. Bxe3 dxe3 13. Ne2 Bg4 14. Bc2 Bxf3
15. gxf3 Qe8 16. Qd3 Rd8 17. Qxe3 Qh5 18. Kg2 Bc5 19. Qc3 Qg6+ 1/2-1/2

[Event "41st Guernsey International Open"]
[Site "Guernsey, GCI"]
[Date "2015.10.19"]
[Round "2"]
[White "Brookfield, Toby"]
[Black "Vonhoff, Nils"]
[Result "1-0"]
[WhiteElo "1897"]
[BlackElo "1999"]
[PlyCount "55"]
[EventDate "2015.10.18"]
[EventType "swiss"]
[EventRounds "7"]

1. e4 c5 2. Nf3 e6 3. d4 cxd4 4. Nxd4 a6 5. Bd3 b5 6. O-O Qb6 7. Nb3 Nc6 8. Be3
Qc7 9. f4 d6 10. a4 b4 11. N1d2 a5 12. Nc4 Rb8 13. Qe2 Nf6 14. Rad1 Be7 15. e5
dxe5 16. fxe5 Nd7 17. Nd6+ Bxd6 18. exd6 Qd8 19. Qg4 Kf8 20. Nd4 Nxd4 21. Bxd4
e5 22. Rxf7+ Kxf7 23. Bc4+ Kf8 24. Qe6 Qe8 25. Rf1+ Nf6 26. Rxf6+ gxf6 27.
Qxf6+ Qf7 28. Qxf7# {This game was awarded the Brilliancy Prize and was chosen
by GM Mark Hebden.} 1-0

[Event "41st Guernsey International Open"]
[Site "Guernsey, GCI"]
[Date "2015.10.19"]
[Round "2"]
[White "Campbell, Ian"]
[Black "Van Ginkel, Henk"]
[Result "1-0"]
[WhiteElo "1996"]
[BlackElo "1906"]
[PlyCount "73"]
[EventDate "2015.10.18"]
[EventType "swiss"]
[EventRounds "7"]

1. Nf3 Nf6 2. d4 c5 3. e3 g6 4. b3 Bg7 5. Bb2 O-O 6. Nbd2 d5 7. Bd3 Nc6 8. a3
Qc7 9. dxc5 Bg4 10. h3 Bxf3 11. Nxf3 e5 12. Be2 Rad8 13. O-O Ne4 14. b4 a6 15.
c3 Qe7 16. Qc2 f5 17. Rad1 g5 18. Nd2 Nxd2 19. Rxd2 Kh8 20. Qd1 Qf7 21. c4 d4
22. b5 dxe3 23. fxe3 Rxd2 24. Qxd2 Rd8 25. Qc2 Ne7 26. e4 f4 27. a4 Ng6 28. Bh5
Qe7 29. Ba3 Nf8 30. Qb3 Qd7 31. Rd1 Qc7 32. Rd5 Nd7 33. Qd1 Bf6 34. Bg4 Nb8 35.
Rxd8+ Bxd8 36. Qd6 axb5 37. Qf8# 1-0

[Event "41st Guernsey International Open"]
[Site "Guernsey, GCI"]
[Date "2015.10.19"]
[Round "2"]
[White "Gravett, Alan D"]
[Black "Magnussen, Pal"]
[Result "0-1"]
[WhiteElo "1879"]
[BlackElo "1987"]
[PlyCount "80"]
[EventDate "2015.10.18"]
[EventType "swiss"]
[EventRounds "7"]

1. Nf3 Nf6 2. g3 g6 3. b4 Bg7 4. Bb2 O-O 5. Bg2 a5 6. a3 c6 7. c4 axb4 8. axb4
Rxa1 9. Bxa1 Qb6 10. O-O Qxb4 11. d3 d5 12. Bc3 Qb6 13. Na3 Nbd7 14. Qa1 e6 15.
Ne5 Nxe5 16. Bxe5 Ne8 17. d4 Bxe5 18. dxe5 Qa6 19. Rd1 Nc7 20. Qc3 Bd7 21. cxd5
exd5 22. e4 Be6 23. Ra1 dxe4 24. Bxe4 Nd5 25. Qd4 Qe2 26. Bd3 Qh5 27. Nc2 Bh3
28. Ne1 Qg5 29. f4 Qe7 30. Rb1 Rd8 31. Bc4 b5 32. Bb3 c5 33. Qf2 c4 34. Bc2 Nc3
35. Rb2 b4 36. Qe3 Nd1 37. Bxd1 Rxd1 38. Rd2 Rxd2 39. Qxd2 h5 40. Nc2 b3 0-1